000 01017nam2a22002651 4500
001 rc\4592868
005 20130416192740.2
021 _aRU
_b[61-9204]
035 _a(NLR Aleph) 008384707
090 _a9139654
_c9139654
100 _a20130416d1961 |||y0rusy50 ca
101 0 _arus
102 _aRU
105 _ay z |||||
200 0 _aРаздел 3
_f[З.Н. Беляева и Е.М. Вашенцева]
210 _d1961
215 _a47 с.
461 0 _1001rc\4592866
_12001#$aМетодическое пособие к изучению курса "Политическая экономия"$eДля слушателей ЗВПШ при ЦК КПСС$fЗаоч. высш. парт. школа при ЦК КПСС. Кафедра полит. экономии$vРаздел 3
701 1 _aБеляева
_bЗ. Н.
_gЗоя Николаевна
701 1 _aВашенцева
_bЕ. М.
801 0 _aRU
_bNLR
_gpsbo
801 1 _aRU
_bELAR
_2rusmarc
852 _aNLR
_j60-6/4419
942 _cBOOK
980 _aNB